LEADER 01333nam a2200193 i 4500 001 000000221837 003 CaOOAMICUS 005 20130814000000.0 008 130814s1851 xx u000 u fre u 013 $a200734 040 $aSeMil$bita 245 10$aDictionnaire de biographie chrétienne, presentant la vie des personnages historiques de tous les pays, ... 2 :$bouvrage dont le fond emprunté à Feller a été corrigé et très-souvent refondu d'après les indications de la critique et de la bibliographie contemporaines, enrichi d'une foule de notices .. 300 $a1620 col. 773 0 $aMigne, Jacques-Paul <1800-1875>$tEncyclopédie théologique, ou Série de dictionnaires sur toutes les parties de la science religieuse ..$dPetit-Montrouge : S'imprime et se vende chez J.-P. Migne, 1851.$g2$w()11876 850 $aSeMil 852 $aSeMil$W1$xVenegono$y1$m2S V 2 FA$j172186$B172186$CSeMilBibl$Z2$F182741 $8I 941 1 $a10 961 $aRecupero: Mantegazza 996 $6245$aDictionnaire de biographie chrétienne, presentant la vie des personnages historiques de tous les pays, ... 2 :$bouvrage dont le fond emprunté à Feller a été corrigé et très-souvent refondu d'après les indications de la critique et de la bibliographie contemporaines, enrichi d'une foule de notices ..$9(OLS)http://semarc/title/318028 LEADER 01056nam a2200265 i 4500 001 000000051281 003 CaOOAMICUS 005 20181024160522.0 008 100421s1955 it u000 u ita u 013 $a22453 040 $aSeMil$bita 100 1 $aDobbelstein, Hermann.$0(OLS)http://semarc/name/25369 240 10$aPsychiatrie und Seelsorge.$0(OLS)http://semarc/title/402546 245 10$aPsichiatria pastorale /$cHermann Dobbelstein ; traduzione di P. Giani. 260 $aAlba :$bPaoline,$cstampa 1955. 300 $a149 p. ;$c22 cm. 490 0 $aCollana pastorale [Paoline] 650 4$aPsichiatria pastorale.$0(OLS)http://semarc/subject/10567 700 1 $aGiani, P.$0(OLS)http://semarc/name/90624 830 0$aCollana pastorale.$0(OLS)http://semarc/title/419488 850 $aSeMil 852 $aSeMil$W1$xVenegono$y1$m2F III 171$j17436$B17436$CSeMilBibl$Z2$F17437 $81 996 $6245$aPsichiatria pastorale$9(OLS)http://semarc/title/402545 996 $6260$aAlba :$bPaoline$9(OLS)http://semarc/publisher/29692